Japan Quiz - Statistics

General Stats
  • This quiz has been taken 21 times
    13 since last reset
  • The average score is 12 of 21
Answer Stats
Questions Answers % Correct
What is the capital city of Japan? Tokyo
100%
How many alphabets does the Japanese language have? 3
92%
What is the stealthy Japanese assassin? (answer in romaji) Ninja
92%
What is the well know Japanese sword called? (answer in romaji) Katana
85%
Where was the second atomic bomb dropped? (answer in romaji) Nagasaki
85%
Who was the longest reigning emperor of Japan? (answer in romaji) Hirohito/Shōwa
69%
What is the Japanese folding art? (answer in romaji) origami
69%
What is the alphabet with 1000's of characters? Kanji
62%
Who were the people that wielded them? (answer in romaji) Samurai
62%
What is the simplest alphabet? Hiragana
54%
What is the primary religion in Japan? (answer in romaji) Shinto
54%
What century did Japan close its borders? 17th
46%
What prefecture was Toyota made in? (answer in romaji) Aichi
46%
What anime depicts a character named Goku? Dragon Ball Z
46%
What is the alphabet used to describe foreign words? Katakana
46%
What is the prestigious mountain in Japan? Mt Fuji/fujisan
46%
What was the highest military rank? (answer in romaji) Shogun
46%
What was the name of the famous Japanese dog who waited for his owner? (answer in romaji) Hachiko
23%
What is the Japanese cutting art? (answer in romaji) kirigami
15%
famous festival held between July and August (answer in romaji) Obon
15%
What is the meal traditionally eaten during new year? (answer in romaji) osechi ryorui
8%
No matching quizzes found
Score Distribution
Percent of People with Each Score
Percentile by Number Answered
Your Score History
You have not taken this quiz since the last reset